Sports Quiz

Random Sports or MLB Quiz

2016 American League .300 Hitters Quiz Stats

 Plays Quiz not verified by Sporcle

Score 0/12 Timer 10:00
0 Plays Today
Team Player % Correct
AstrosJose Altuve
100%
TigersMiguel Cabrera
100%
AngelsMike Trout
100%
Red SoxMookie Betts
93.1%
Red SoxDavid Ortiz
93.1%
TigersJ.D. Martinez
89.7%
Red SoxDustin Pedroia
86.2%
RangersAdrian Beltre
86.2%
IndiansJose Ramirez
82.8%
RangersElvis Andrus
69%
IndiansFrancisco Lindor
69%
AngelsYunel Escobar
34.5%

You're not logged in!

Compare scores with friends on all Sporcle quizzes.
OR
Log In

Sporcle TV

Today on Sporcle TV


Watch our educational content, quiz creation guides, and fun videos on Sporcle TV.

Show Comments

Extras

Top Quizzes Today


Score Distribution

Your Account Isn't Verified!

In order to create a playlist on Sporcle, you need to verify the email address you used during registration. Go to your Sporcle Settings to finish the process.

Report this User

Report this user for behavior that violates our Community Guidelines.

Details: